| 000 | 00447nam a2200193Ia 4500 | ||
|---|---|---|---|
| 003 | LK-CoDNM | ||
| 008 | 010623t1920 xxu||||| |||| 00| 1 eng d | ||
| 040 |
_aLK-CoDNM _dLK-CoDNM _eLK-CoDNM |
||
| 041 | _aeng | ||
| 080 | _a22 H.12 | ||
| 100 | _aSmith, Vincent A. | ||
| 245 | _aAsoka | ||
| 260 |
_bClavendon press _aOxford _c1920 |
||
| 300 | _b278p., 19 cm | ||
| 650 | _aBuddhist emperor | ||
| 650 | _aHistory | ||
| 650 | _aIndia | ||
| 942 | _cBK | ||
| 999 |
_c89954 _d89954 |
||